| 000 | 01077cam a2200349 i 4500 | ||
|---|---|---|---|
| 999 |
_c126 _d126 |
||
| 001 | 7760800 | ||
| 003 | OSt | ||
| 005 | 20190726115136.0 | ||
| 008 | 170807t20182017enk 000 f eng d | ||
| 020 |
_a1786491281 _qpaperback |
||
| 020 |
_a9781786491282 _qpaperback |
||
| 024 | 8 | _a60002253844 | |
| 035 | _a(OCoLC)999542480 | ||
| 040 |
_aYDX _beng _erda _cYDX _dSHS _dUKUOY _dOCLCO _dNhCcYBP |
||
| 043 | _aa-ii--- | ||
| 082 | 0 | 4 |
_aFIC KAN _223 |
| 100 | 1 |
_aKandasamy, Meena, _eauthor. |
|
| 245 | 1 | 0 |
_aWhen I hit you / _cMeena Kandasamy. |
| 250 | _aPaperback edition. | ||
| 264 | 1 |
_aLondon : _bAtlantic Books, _c2018. |
|
| 264 | 4 | _c2017 | |
| 300 |
_a249 pages ; _c20 cm |
||
| 336 |
_atext _btxt _2rdacontent |
||
| 337 |
_aunmediated _bn _2rdamedia |
||
| 338 |
_avolume _bnc _2rdacarrier |
||
| 500 | _a"First published in hardback in Great Britain in 2017 by Atlantic Books, an imprint of Atlantic Books Ltd."--Title page verso. | ||
| 650 | 0 |
_aWomen _zIndia _xSocial conditions _vFiction. |
|
| 982 | _a20180514 | ||
| 942 |
_2ddc _cFIC |
||
| 980 |
_b8.09 _g1 |
||
| 981 |
_bBO92 _cRUNY |
||